Регионална библиотека "Любен Каравелов" - Русе

La Bulgarie et la question macedonienne (Запис номер 344814)

MARC детайли
000 -Лидер
Контролно поле с фиксирана дължина 00932nam a2200289 c 4500
003 - Код на организацията, давaща контролен номер
Контролно поле BLK
005 - Дата и час на последна редакция
Контролно поле 20190913121318.0
008 - Елементи от данни с фиксирана дължина
fixed length control field 180911b bul|||||r ||||||| ||bul||
010 ## - Наследен системен номер
LC control number 004480
040 ## - Източник на каталожния запис
Идентификатор на билиотеката - собственик на записа BLK
041 ## - Код за език
Код за езика на текст/звукозапис или на отделно заглавие Френски
080 ## - УДК
УДК - код + определител 949.72949.7
100 1# - Редна дума - Автор
Автор SOLAROV, K.
Авторска отговорност първи автор
245 00 - Сведения за заглавието
Заглавие La Bulgarie et la question macedonienne
246 ## - Различни форми на заглавието
Паралелно заглавие Les causes des guerres balkaniques
260 ## - Област на издателските данни
Място на издаване, разпространение и проч. Sofia
Име на издателя, разпространителя и проч. Impr. de l'etat
Година на издаване 1919
300 ## - Физическа характеристика
Страници VIII, 258 с., 4 л
Илюстрации и др. к., 1 л. : факс.
Размери/Мащаб 24 см
380 ## - Жанр
Жанр История
490 ## - СЕРИИ (Колекции)
Име на серия Частна колекция - Академик Михаил Арнаудов
Бележки за серията Дарение - Основен фонд
650 #4 - Допълнително описание по предмет – тема
Основно описание – тема или топоним История
650 ## - Допълнително описание по предмет – тема
Основно описание – тема или топоним Балкански страни
650 ## - Допълнително описание по предмет – тема
Основно описание – тема или топоним Балкански страни
655 ## - Ключова дума – жанр/разновидност
Данни за жанр/разновидност или ключова дума за фокус българска история
700 1# - Други автори (авторска отговорност)
Лично име K. Solariff
852 ## - Местоположение
Форматна сигнатура МА 1465
942 ## - АРТИКУЛИ
Вид на библиотечния материал Книги
Скрит в OPAC Не
944 ## - СЪЗДАВАНЕ И РЕДАКЦИЯ на ЗАПИСА
Създаване/Редакция Създаване
Дата на регистрацията/редакция 1996
Служител, извършил регистрацията/редакцията ValK
999 ## - СИСТЕМНИ КОНТРОЛНИ НОМЕРА
Koha biblionumber 344814
Koha biblioitemnumber 344814
Наличности
Код за отписване Код за изгубен артикул Източник на класификационната схема Код за повреда Коз за рестрикции Код за отдаване Артикулен № Име на библиотеката - собственик Име на библиотеката, в която се намира в момента Статус (Текущо местоположение) Местоположение - отдел Цена в лева Номерация (Хронология) Инвентарен номер Систематично азбучна сигнатура Баркод Номер на екземпляра Цена в евро Служебен тип на артикула
  Не е изгубен Universal Decimal Classification Не е повреден без рестрикции Специални фондове ( старопечатни, редки и ценни, фонд М. Арнаудов) 745290 Регионална библиотека "Любен Каравелов" Русе Регионална библиотека "Любен Каравелов" Русе Фонд "Михаил Арнаудов" Фонд "Михаил Арнаудов" 25.00   588908 МА 1465 120000588908 1 12.78 Книги
Vip Innovations Ltd, Rousse, Bulgaria 2025